World of Warcraft Quiz (Medium) - Statistics

General Stats
  • This quiz has been taken 31 times
  • The average score is 16 of 20
Answer Stats
Question Answer % Correct
Which class has 4 specializations? Which class had 2 prior to the most recent expansion? Druid, Demon Hunter
97%
Fill in the blanks : The capital city for the alliance is _________, the capital city for the horde is ________. Stormwind, Orgrimmar
97%
What is the name of the large whirlpool in the center of the map? The Maelstrom
97%
True or False : There are more than 30+ professions. False
93%
What resource do DPS warriors use? Rage
90%
Which character (or set of characters) say the phrase, "You no take candle!"? The Kobold race
90%
Who is the main antagonist to the players in the Midnight expansion? Xal'atath
90%
What was the first expansion to World of Warcraft? Burning Crusade
87%
Where is the human race starting zone (Not including Exile's Reach) Northshire
87%
Which being formed Westfall's raging chasm? Deathwing
80%
Which of these are ordered correctly from lowest item level to highest? Explorer, Adventurer, Veteran, Champion, Hero, Myth
80%
True or False : Varian Wrynn died to the hands of Gul'dan after officially declaring a war against the Horde after his betrayal. False
77%
True or False : All the Primal Incarnates are dead as of War Within. False
73%
What resource do DPS demon hunters use? Fury
73%
Which of the following dungeons are from the Midnight expansion? Maisara Caverns
70%
True or False : Tanann Jungle and Hellfire Peninsula are the same place. True
70%
Who was the former ruler of Undermine before the revolution? Jastor Gallywix
63%
True or False : There are more than double the amount of unique battle pets in WOW than there are unique Pokémon that exist. True
60%
What is the name of the void creature that helps the player in the Voidstorm? Decimus
57%
Which of the following was NOT a leader of the Horde Baine Bloodhoof
47%
No matching quizzes found
Score Distribution
Percent of People with Each Score
Percentile by Number Answered
Your Score History
You have not taken this quiz